Generel nadregionálního územního systému ekologické stability Čech, Moravy a Slezska.

Úvahy o ochrane vybraných ekologicky významných krajinných prvkov s relatívne stabilnými a stabilizujúcimi ekosystémami. Kritéria pre vytváranie biocentier nadregionálneho systému. Teoretické východiská pre určovanie biokoridorov (bariéry šírenia organizmov, biogeografické podklady, funkčné a priest...

Ausführliche Beschreibung

Gespeichert in:
Bibliographische Detailangaben
1. Verfasser: Míchal, I.
Format: Buchkapitel
Sprache:Tschechisch
Schlagworte:
Tags: Tag hinzufügen
Keine Tags, Fügen Sie das erste Tag hinzu!

MARC

LEADER 00000naa a2200000 4500
001 r002502
005 20220819180759.2
041 0 |a cze 
044 |a [CS] 
245 1 0 |a Generel nadregionálního územního systému ekologické stability Čech, Moravy a Slezska.  |c I. Míchal 
520 |a Úvahy o ochrane vybraných ekologicky významných krajinných prvkov s relatívne stabilnými a stabilizujúcimi ekosystémami. Kritéria pre vytváranie biocentier nadregionálneho systému. Teoretické východiská pre určovanie biokoridorov (bariéry šírenia organizmov, biogeografické podklady, funkčné a priestorové požiadavky), právne zabezpečenie ÚSES. 
610 2 0 |a ekológia 
610 2 0 |a Čechy 
610 2 0 |a Morava 
610 2 0 |a Sliezsko 
610 2 0 |a ochrana prostredia životného 
610 2 0 |a plánovanie územné 
100 1 |a Míchal, I.